| 000 | 01212nam a2200241 a 4500 | ||
|---|---|---|---|
| 005 | 20110404123214.0 | ||
| 010 | _aB-425067-068 | ||
| 020 |
_a8173051283 _c1500.00 |
||
| 035 | _aB-425067-068 | ||
| 037 |
_aDPL _bResearchco Book Centre |
||
| 082 | 0 | 0 | _a934 |
| 100 | 1 |
_aMani, B.R. _932229 |
|
| 245 | 1 | 0 |
_aDelhi, threshhold of the orient _bstudies in archaeological investigations / _cB.R. Mani |
| 260 |
_aNew Delhi _bAryan Books International _c1997 |
||
| 270 |
_a4378/4B, Pooja Apartments 4, Ansari Road, Darya Ganj _bNew Delhi _e110002 |
||
| 300 |
_axi, 141p. _bill. _c29 cm. |
||
| 504 | _aIncludes bibliographical references (p. [133]-134) and index. | ||
| 942 |
_2ddc _cEN _h934 _mMAN |
||
| 999 |
_c51409 _d51409 |
||